| 000 | 00777nam a2200229Ia 4500 | ||
|---|---|---|---|
| 001 | 8424 | ||
| 003 | GE_BSU | ||
| 008 | 181216s||||||||xx |||||||||||||| ||und|| | ||
| 040 | _cGE_BSU | ||
| 080 | _a82–93 | ||
| 100 | _aვაჟა-ფშაველა | ||
| 245 | _aამოდის, ნათდება! | ||
| 245 | _bმოთხრობები. საშ.სასკოლო ასაკის ბავშთათვის. | ||
| 245 | _cრედ: არჩილ სულაკაური | ||
| 260 | _aთბილისი. | ||
| 260 | _bნაკადული. | ||
| 260 | _c1979 | ||
| 300 | _a120 გვ; 21 სმ.ილ; | ||
| 653 | _aამოდის, ნათდება! | ||
| 653 | _aმოთხრობები. | ||
| 942 | _cBK | ||
| 999 |
_c41743 _d41743 |
||